| 000 | 00820nam a2200229 a 4500 | ||
|---|---|---|---|
| 001 | ASIN0748621857 | ||
| 005 | 20170105102926.0 | ||
| 008 | 131212s2006 xxu eng d | ||
| 020 | _a0748621857 (paperback) | ||
| 020 | _a9780748621859 (paperback) | ||
| 040 | _a0 | ||
| 050 | 0 | 4 | _aH62 |
| 082 | 0 | 4 |
_a001.3072 _bDAV 2006 |
| 100 | 1 | _aDavies, Maire Messenger; Mosdell, Nick. | |
| 245 | 1 | 0 |
_aPractical research methods for media and cultural studies : _bmaking people count / _cMaire Messenger; Mosdell, Nick Davies. |
| 260 |
_a[S.l.] : _bEdinburgh University Press, _c2006. |
||
| 300 | 0 | p |
_a 20; _c22 cm. |
| 650 | 0 | _aHumanities--Research--Methodology | |
| 650 | 0 | _aMass media--Research--Methodology | |
| 856 | 4 | 0 |
_3Amazon.com _uhttp://www.amazon.com/exec/obidos/ASIN/0748621857/chopaconline-20 |
| 942 |
_2ddc _cBK |
||
| 999 |
_c15839 _d15839 |
||